Way To Bright Future,Vol. III (Record no. 322060)

MARC details
000 -LEADER
fixed length control field 00414nam a2200157Ia 4500
008 - FIXED-LENGTH DATA ELEMENTS--GENERAL INFORMATION
fixed length control field 230718s9999 xx 000 0 und d
041 ## - LANGUAGE CODE
Language code of text/sound track or separate title eng
082 ## - DEWEY DECIMAL CLASSIFICATION NUMBER
Classification number 428.6
Item number PHI
100 ## - MAIN ENTRY--PERSONAL NAME
Personal name Phirke S.L.
9 (RLIN) 169844
245 ## - TITLE STATEMENT
Title Way To Bright Future,Vol. III
260 ## - PUBLICATION, DISTRIBUTION, ETC. (IMPRINT)
Date of publication, distribution, etc. 2007
Name of publisher, distributor, etc. Global Knowledge Mission
300 ## - PHYSICAL DESCRIPTION
Extent 404
365 ## - TRADE PRICE
Currency code Rs.
Price amount 500.00
700 ## - ADDED ENTRY--PERSONAL NAME
Personal name Phirke S.L.
9 (RLIN) 169844
906 ## - LOCAL DATA ELEMENT F, LDF (RLIN)
d B:10428-Apr-2009
c GENRL
b 50
Holdings
Withdrawn status Lost status Damaged status Not for loan Home library Current library Date acquired Vendor Budget Code Cost, normal purchase price Bill number Total Checkouts Full call number Barcode Date last seen Discount Cost, replacement price Bill Date Koha item type Original Barcode
        Cummins College of Engineering for Women Pune Cummins College of Engineering for Women Pune 31/07/2009 Global Knowledge Mission GENRL 450.00 104   428.6 CCEP-BK-33267 18/07/2023 50 500.00 28/04/2009 Books 033267